Statistiken für Fünf bevölkerungsärmste Länder pro Kontinent

Klicken Sie hier um das Quiz zu spielen!

Allgemein

  • Dieses Quiz wurde 3,340 mal gespielt
  • Das Durchschnittsergebnis liegt bei 20 aus 30

Antwortstatistiken

Kontinent Bevölkerung Land % Korrekt
Europa801Vatikanstadt
96%
Europa37,800Liechtenstein
94%
Europa69,200Andorra
93%
Europa32,000San Marino
93%
Europa37,900Monaco
91%
Südamerika771,000Guyana
80%
Südamerika548,000Suriname
80%
Südamerika3,440,000Uruguay
79%
Südamerika6,730,000Paraguay
77%
Südamerika10,900,000Bolivien
70%
Ozeanien10,300Nauru
68%
Ozeanien9,900Tuvalu
68%
Ozeanien21,500Palau
67%
Nordamerika56,200St. Kitts und Nevis
67%
Nordamerika110,000St. Vincent und die
Grenadinen
66%
Afrika97'000Seychellen
65%
Asien784'000Bhutan
64%
Afrika527'000Kap Verde
64%
Afrika194'000São Tomé & Príncipe
63%
Asien429'000Brunei
63%
Ozeanien105,000Mikronesien
62%
Afrika807'000Komoren
61%
Nordamerika107,000Grenada
59%
Asien1'210'000Osttimor
57%
Ozeanien53,100Marshallinseln
57%
Nordamerika92,700Antigua & Barbuda
56%
Nordamerika73,000Dominica
55%
Asien370'000Malediven
50%
Afrika870'000Äquatorial-Guinea
35%
Asien1'180'000Zypern
23%

Verteilung der Resultate

Perzentil nach korrekt beantworteten Fragen

Anzahl Personen mit jedem Resultat

Ihre Resultats-Entwicklung

Sie haben dieses Quiz noch nicht gespielt